000 00708nam a2200289Ia 4500
005 20260324120554.0
008 008 260324s9999 xx 000 0 eng d
020 _a9780429173110
037 _aEBOOK
040 _aCRL
040 _beng
040 _cCRL
041 _2eng
041 _aeng
084 _qCRL
100 _aMaria Rajkiewicz
_91159108
245 0 _aChemical and Applied Engineering Materials
245 0 _bInterdisciplinary Research and Methodologies
260 _bTaylor and Francis
260 _c2015
365 _a
365 _b280
856 _uhttp://www.taylorfrancis.com/books/9780429173110
942 _cEBOOK
999 _c1750715
_d1750715